[Event "Catalunya-chA"]
[Site "Spain"]
[Date "1996.10.20"]
[Round "3"]
[White "Marches Rios, Juan Manuel"]
[Black "Argente Cuerda, Jordi"]
[Result "1/2-1/2"]
[WhiteElo "2175"]
[BlackElo "2075"]
[PlyCount "81"]
[EventDate "1997.??.??"]
[EventType "swiss"]
[EventRounds "8"]
[EventCountry "ESP"]
[SourceTitle "EXT 2003"]
[Source "ChessBase"]
[SourceDate "2002.11.25"]
[SourceVersion "1"]
[SourceVersionDate "2002.11.25"]
[SourceQuality "1"]

1. e4 e6 2. d4 d5 3. Nc3 Bb4 4. e5 c5 5. a3 Bxc3+ 6. bxc3 Ne7 7. Nf3 Nbc6 8. Bd3 Qa5 9. 0-0 Bd7 10. Bd2 c4 11. Be2 f6 12. Bf4 0-0-0 13. exf6 gxf6 14. Qd2 Ng6 15. Bh6 Rhg8 16. Rfd1 Nce7 17. Rab1 Nf5 18. Bf4 Nxf4 19. Qxf4 Qc7 20. Qxc7+ Kxc7 21. Ra1 Ba4 22. Rd2 Nd6 23. Bd1 Ne4 24. Re2 Rd6 25. Re3 Rb6 26. Ne1 f5 27. f4 Kd6 28. Bf3 Rb2 29. Bxe4 fxe4 30. Kf2 Rg7 31. Re2 Rc7 32. Ke3 Rc6 33. Kd2 Rcb6 34. Kc1 Be8 35. g3 R2b5 36. Ng2 Ra5 37. Ne3 Rba6 38. Kb2 Rb6+ 39. Kc1 Rba6 40. Kb2 Rb6+ 41. Kc1 1/2-1/2

[Event "Catalunya-chA"]
[Site "Spain"]
[Date "1996.10.06"]
[Round "1"]
[White "Minguez Rodriguez, Raul"]
[Black "Argente Cuerda, Jordi"]
[Result "1/2-1/2"]
[WhiteElo "2145"]
[BlackElo "2075"]
[PlyCount "39"]
[EventDate "1997.??.??"]
[EventType "swiss"]
[EventRounds "8"]
[EventCountry "ESP"]
[SourceTitle "EXT 2003"]
[Source "ChessBase"]
[SourceDate "2002.11.25"]
[SourceVersion "1"]
[SourceVersionDate "2002.11.25"]
[SourceQuality "1"]

1. e4 e6 2. d4 d5 3. Nc3 Bb4 4. e5 c5 5. Bd2 Bxc3 6. Bxc3 Ne7 7. f4 cxd4 8. Bxd4 Nbc6 9. Nf3 Nxd4 10. Qxd4 Nc6 11. Qd2 Qb6 12. 0-0-0 Bd7 13. Kb1 Rc8 14. c4 Ne7 15. Bd3 Bc6 16. Rhf1 dxc4 17. Bxc4 0-0 18. Qe2 Nd5 19. Bxd5 Bxd5 20. Rc1 1/2-1/2

[Event "Barcelona La Lira op"]
[Site "Barcelona"]
[Date "1995.??.??"]
[Round "2"]
[White "Argente Cuerda, Jordi"]
[Black "Martin Arranz, Jose Luis"]
[Result "1-0"]
[WhiteElo "2070"]
[BlackElo "2010"]
[PlyCount "93"]
[EventDate "1995.04.??"]
[EventType "swiss"]
[EventRounds "9"]
[EventCountry "ESP"]
[SourceTitle "EXT 2003"]
[Source "ChessBase"]
[SourceDate "2002.11.25"]
[SourceVersion "1"]
[SourceVersionDate "2002.11.25"]
[SourceQuality "1"]

1. e4 e6 2. d4 d5 3. Nc3 Bb4 4. e5 Ne7 5. Nf3 c5 6. a3 Bxc3+ 7. bxc3 Nbc6 8. a4 Qa5 9. Qd2 cxd4 10. cxd4 Qxd2+ 11. Bxd2 Nf5 12. Bb5 0-0 13. Bxc6 bxc6 14. Bb4 Re8 15. 0-0 a5 16. Bc5 Ba6 17. Rfb1 h6 18. Rb6 Rec8 19. g4 Be2 20. Kg2 Bxf3+ 21. Kxf3 Nh4+ 22. Kg3 g5 23. f4 Kg7 24. Rab1 Ng6 25. f5 exf5 26. gxf5 Nf4 27. Kg4 Ne2 28. R1b3 Nc1 29. Re3 Rab8 30. e6 Rxb6 31. Bxb6 Re8 32. Bxa5 fxe6 33. fxe6 Kg6 34. Bd2 h5+ 35. Kg3 Na2 36. e7 Kf7 37. a5 Rb8 38. a6 Ke8 39. a7 Ra8 40. Ra3 Nc3 41. Bxc3 Kxe7 42. Bb4+ Ke6 43. Re3+ Kf7 44. Bc5 Kf6 45. Rb3 Re8 46. Rb8 h4+ 47. Kf2 1-0

[Event "Vilanova op"]
[Site "Vilanova"]
[Date "1994.??.??"]
[Round "9"]
[White "Argente Cuerda, Jordi"]
[Black "Fernandez Garcia, Jose Luis"]
[Result "0-1"]
[WhiteElo "2055"]
[BlackElo "2285"]
[PlyCount "62"]
[EventDate "1994.??.??"]
[EventType "swiss"]
[EventRounds "9"]
[EventCountry "ESP"]
[SourceTitle "EXT 2004"]
[Source "ChessBase"]
[SourceDate "2003.11.25"]
[SourceVersion "1"]
[SourceVersionDate "2003.11.25"]
[SourceQuality "1"]

1. e4 c5 2. Nc3 Nc6 3. g3 g6 4. Bg2 Bg7 5. d3 d6 6. f4 e6 7. Nf3 Nge7 8. 0-0 0-0 9. Bd2 Rb8 10. Rb1 b5 11. a3 a5 12. a4 bxa4 13. Nxa4 Nd4 14. b3 Bd7 15. Nc3 Qc7 16. Ne1 Bc6 17. Kh1 Kh8 18. Nf3 f5 19. Re1 h6 20. h3 Kh7 21. Ra1 e5 22. Nh4 fxe4 23. Nxe4 Nef5 24. Nxf5 gxf5 25. Nc3 Bxg2+ 26. Kxg2 Qc6+ 27. Kf2 exf4 28. Bxf4 Rbe8 29. Rxe8 Rxe8 30. Rxa5 Nxb3 31. cxb3 Bd4+ 0-1